LIBRARY & INFORMATION CENTRE, KCAET, TAVANUR

ONLINE PUBLIC ACCESS CATALOGUE (OPAC)

Normal view MARC view
  • NIDHIN J.K

Entry Personal Name

Number of records used in: 1

001 - CONTROL NUMBER

  • control field: 2134

003 - CONTROL NUMBER IDENTIFIER

  • control field: OSt

005 - DATE AND TIME OF LATEST TRANSACTION

  • control field: 20171116162239.0

008 - FIXED-LENGTH DATA ELEMENTS

  • fixed length control field: 171116|| aca||aabn | a|a d

040 ## - CATALOGING SOURCE

  • Original cataloging agency: OSt
  • Transcribing agency: OSt

100 ## - HEADING--PERSONAL NAME

  • Personal name: NIDHIN J.K

670 ## - SOURCE DATA FOUND

  • Source citation: Work cat.: (OSt): NIDHIN J.K, Investigations on energy input-output in below sea level rice production systems in Kuttanad region of Kerala
free website counter